Wie is het? #1 - Studio 100 - Statistieken

Algemene statistieken
  • Deze quiz is 171 keer genomen
  • De gemiddelde score is 9 van 15
Antwoordstatistieken
Foto Antwoord % Correct
K3
96%
Bumba
86%
Heidi
86%
Spring
73%
Betsy
69%
Ghost rockers
67%
Berend Brokkenpap
65%
Anubis
64%
Prinsessia
64%
Gamekeepers
49%
Wilko
48%
Fonkel
45%
Stef
38%
Blinky Bill
33%
Jabaloe
33%
Geen overeenkomende quizzen gevonden
Scoreverdeling
Procent van Mensen met Elke Score
Percentiel versus Aantal Correcte Antwoorden
Uw Scoregeschiedenis
U heeft deze quiz nog niet genomen